000 00545nam a2200169 i 4500
001 89897
003 ES-MaACL
005 20230906180310.0
007 t|
008 050114s1957 mx ||||1| spa d
100 1 _aLatouche, Robert.
_970548
245 1 0 _aOrígenes de la economía occidental
_b: (siglos IV-XI) /
_cRobert Latouche ; traducción por José Almoina.
260 _aMéxico :
_bUteha,
_c[1957] (
_fAtenea)
300 _aXXIII, 307 p., 26 lám. ;
_c23 cm.
700 1 _aAlmoina, José.
_920159
852 _aES-MaACL
_jA-9792
_bR.98978
999 _c89897
_d89897